ნორმალური ფორმატი
MARC ფორმატი
ჩანაწერი Personal Name
ჩანაწერთა რაოდენობა, რომელიც გამოყენებულია: 1
001 - CONTROL NUMBER
- control field: 8549
003 - CONTROL NUMBER IDENTIFIER
- control field: GE_BSU
005 - DATE AND TIME OF LATEST TRANSACTION
- control field: 20200618134329.0
008 - FIXED-LENGTH DATA ELEMENTS
- fixed length control field: 200618|| aca||aabn | a|a d
040 ## - CATALOGING SOURCE
- Original cataloging agency: GE_BSU
- Transcribing agency: GE_BSU
100 ## - HEADING--PERSONAL NAME
- Personal name: Nielsen, Caroline C.
- Relator term: ავტორი
670 ## - SOURCE DATA FOUND
- Source citation: Work cat.: (GE_BSU)0: Lusardi, Michelle M. 8543, Orthotics & prosthetics in rehabilitation / Michelle M. Lusardi, PT, DPT, PhD, Professor Emerita, Department of Physical Therapy & Human Movement Science, College of Health Professions, Sacred Heart University, Fairfield, CT, Milagros "Millee" Jorge, PT, MA, EdD, Professor and Dean, Langston University, School of Physical Therapy, Langston, OK, Caroline Nielsen, BA, MA, Ph.D, Health Care, Education and Research Consultant, Bonita Springs, FL, Former Associate Professor and Director, Graduate Program in Allied Health, University of Connecticut, Storrs, CT.
